[Event "Politiken Cup 33rd"]
[Site "Helsingor"]
[Date "2011.08.06"]
[Round "9"]
[White "Dyrhaug, Erling Skjolas"]
[Black "Skovle, Lars"]
[Result "1-0"]
[WhiteElo "1000"]
[BlackElo "1656"]
[PlyCount "63"]
[EventDate "2011.07.30"]
[EventType "swiss"]
[EventRounds "10"]
[EventCountry "DEN"]
[SourceTitle "CBM 143 Extra"]
[Source "ChessBase"]
[SourceDate "2011.08.29"]
[SourceVersion "1"]
[SourceVersionDate "2011.08.29"]
[SourceQuality "1"]

1. e4 Nf6 2. e5 Nd5 3. d4 d6 4. Nf3 Bg4 5. c4 Nb6 6. exd6 cxd6 7. Nc3 g6 8. h3 Bxf3 9. Qxf3 Bg7 10. Qxb7 N8d7 11. Qe4 0-0 12. Be3 Rc8 13. b3 Nf6 14. Qc2 e5 15. dxe5 dxe5 16. Be2 Qc7 17. 0-0 Nfd7 18. Nb5 Qb8 19. Rad1 f5 20. c5 f4 21. c6 fxe3 22. c7 Rxc7 23. Qxc7 Qxc7 24. Nxc7 exf2+ 25. Rxf2 Nf6 26. Ne6 Re8 27. Rd8 Rxd8 28. Nxd8 Nbd5 29. Bc4 h6 30. Nc6 e4 31. Ne7+ Kh7 32. Nxd5 1-0